A helységnevekhez

Pokračovanie polemiky okolo názvu mestečka Stropkov. [Autor článku je hospodársky spravodajca z Habury.]

Podrobná bibliografia
Hlavný autor: Turkinyák, Alexander (Author)
Médium: Článok
Jazyk:Hungarian
Témy:
Zdroj: 1. Felvidéki Hirlap : Közgazdasági, társadalmi és szépirodalmi hetilap 1. Roč. 1, č. 22 (09.08.1908) s. 2
LEADER 00995nab#a2200337#ar4500
001 000072901
003 SVKKK
005 20030415xxxxxxx.
008 06 c xo huno
FMT
038 |a SVKKK 
040 |a SVKKK  |b slo  |e AACR2 
041 0 |a hun 
044 |a xo  |c SK 
080 |a 001.4 
100 1 |a Turkinyák, Alexander  |4 aut 
242 1 0 |a K miestopisným pomenovaniam 
245 1 0 |a A helységnevekhez  |c Alexander Turkinyák 
500 |a Sándor 
500 |a mikrofilm 
520 2 |a Pokračovanie polemiky okolo názvu mestečka Stropkov. [Autor článku je hospodársky spravodajca z Habury.] 
650 0 4 |a terminológia - heslo miestopisné - Stropkov (SK) - august 1908 - polemiky 
773 0 |t Felvidéki Hirlap : Közgazdasági, társadalmi és szépirodalmi hetilap  |g Roč. 1, č. 22 (09.08.1908) s. 2 
957 |a Habura 
957 |a Stropkov 
958 |a DG 
958 |a SK 
974 |a Ba  |d 20030415 
992 |a RBX 
BAS
998 |a RETRO